[Event "DEM U10 2016"]
[Site "Willingen GER"]
[Date "2016.05.20"]
[Round "9"]
[White "Rapp, Leonard"]
[Black "Poschadel, Andreas Gregor"]
[Result "1/2-1/2"]
[Termination "normal"]
[Board "23"]
[WhiteElo "1504"]
[BlackElo "1222"]
[PlyCount "142"]
[WhiteFideId "16212428"]
[BlackFideId "16204948"]
[EventCountry "GER"]
[EventRounds "11"]
[EventType "swiss"]
[EventDate "2016.05.14"]

1. e4 e5 2. Nf3 Nc6 3. Bc4 Bc5 4. c3 Qf6 5. d4 exd4 6. O-O d6 7. Re1 Bg4 8. Bb3
Ne5 9. Bg5 Nxf3+ 10. Qxf3 Qxf3 11. gxf3 Bxf3 12. e5 Kd7 13. exd6 cxd6 14. Bxf7
Rf8 15. Bxg8 Rhxg8 16. cxd4 Bxd4 17. Nc3 Bc6 18. Re7+ Kc8 19. Re2 Be5 20. Rc1
h6 21. Bh4 Bf3 22. Re3 Kb8 23. b3 Bf4 24. Rxf3 Bxc1 25. Rxf8+ Rxf8 26. Be7 Rf3
27. Bxd6+ Kc8 28. Ne2 Bg5 29. Kg2 Rd3 30. Bb4 Bd2 31. Bf8 Rd7 32. Bc5 Kc7 33.
Kf3 a6 34. Ke4 b6 35. Bd4 g6 36. Kd3 Bb4 37. Kc2 Bc5 38. Bxc5 bxc5 39. Kc3 Rf7
40. f4 g5 41. fxg5 hxg5 42. Kc4 Rf2 43. Nc3 Rxh2 44. Kxc5 Rd2 45. Ne4 Rc2+ 46.
Kd4 g4 47. Kd3 Rxa2 48. Kc3 Re2 49. Kd3 Re1 50. b4 Rxe4 51. Kxe4 g3 52. Kf3 g2
53. Kxg2 Kb6 54. Kf2 Kb5 55. Ke2 Kxb4 56. Kd2 Ka3 57. Kc1 Ka2 58. Kc2 a5 59.
Kc1 a4 60. Kc2 a3 61. Kc1 Kb3 62. Kb1 Kc3 63. Ka1 Kb4 64. Ka2 Ka4 65. Ka1 Kb4
66. Ka2 Ka4 67. Ka1 Kb5 68. Ka2 Kb4 69. Ka1 Kb3 70. Kb1 a2+ 71. Ka1 Ka3 1/2-1/2

[Event "DEM U10 2016"]
[Site "Willingen GER"]
[Date "2016.05.20"]
[Round "9"]
[White "Chassard, Cedric"]
[Black "Böhm, Karl"]
[Result "0-1"]
[Termination "normal"]
[Board "25"]
[WhiteElo "833"]
[BlackElo "1260"]
[PlyCount "110"]
[WhiteFideId "16243536"]
[BlackFideId "16209800"]
[EventCountry "GER"]
[EventRounds "11"]
[EventType "swiss"]
[EventDate "2016.05.14"]

1. e4 e5 2. Nf3 Nc6 3. Bc4 Nf6 4. Nc3 Be7 5. d4 exd4 6. Nxd4 d6 7. Bb5 Bd7 8.
Bf4 O-O 9. O-O Nxd4 10. Qxd4 Bxb5 11. Nxb5 a6 12. Nc3 Re8 13. Rad1 h6 14. Rfe1
Nh5 15. Nd5 Nxf4 16. Nxf4 Bf6 17. Qb4 Rb8 18. Nh5 Be5 19. Qb3 Qe7 20. Qh3 Bxb2
21. Qg4 Qe6 22. Qxe6 Rxe6 23. Rd3 Rbe8 24. Rde3 Bd4 25. Rg3 Rxe4 26. Nf6+ Bxf6
27. Rxe4 Rxe4 28. Kf1 Rc4 29. Rb3 b6 30. Ra3 a5 31. Re3 Rxc2 32. Re8+ Kh7 33.
Rc8 Bd4 34. f3 Rf2+ 35. Ke1 Rxa2 36. Rxc7 Rxg2 37. Rxf7 Rxh2 38. Rd7 Bc5 39. f4
b5 40. f5 Rf2 41. f6 Rxf6 42. Rb7 b4 43. Kd2 a4 44. Kc2 h5 45. Ra7 a3 46. Kb3
Bxa7 47. Ka2 h4 48. Kb3 Bc5 49. Kc4 h3 50. Kb3 h2 51. Ka2 h1=Q 52. Kb3 Qd5+ 53.
Ka4 Qc6+ 54. Kb3 Rf3+ 55. Kc4 d5# 0-1

[Event "DEM U10 2016"]
[Site "Willingen GER"]
[Date "2016.05.20"]
[Round "9"]
[White "Fuhrmann, Bahne"]
[Black "Laube, Jannis"]
[Result "1-0"]
[Termination "normal"]
[Board "26"]
[WhiteElo "1034"]
[BlackElo "1495"]
[PlyCount "155"]
[WhiteFideId "16244842"]
[BlackFideId "16205995"]
[EventCountry "GER"]
[EventRounds "11"]
[EventType "swiss"]
[EventDate "2016.05.14"]

1. e4 e5 2. Nf3 Nc6 3. Bc4 Nf6 4. d3 Bc5 5. c3 d6 6. h3 Be6 7. Bb3 Qd7 8. Nbd2
Nh5 9. Nf1 f5 10. Ng5 Bxb3 11. Qxh5+ g6 12. Qh4 Bf7 13. a4 a6 14. Nxh7 fxe4 15.
Nf6+ Ke7 16. Nxd7+ Rxh4 17. Bg5+ Kxd7 18. Bxh4 exd3 19. f3 Re8 20. Kd2 Bc4 21.
Rb1 e4 22. Ng3 e3+ 23. Ke1 b5 24. Ne4 d2+ 25. Kd1 Ne5 26. Nxc5+ dxc5 27. b3 Bd3
28. Rb2 a5 29. axb5 c4 30. Bg3 cxb3 31. Bxe5 Rxe5 32. Rxb3 a4 33. Rb4 a3 34.
Rd4+ Kc8 35. Rxd3 a2 36. Ke2 Rxb5 37. Ra1 Rb2 38. Kxe3 Rb1 39. Rxa2 d1=Q 40.
Rxd1 Rxd1 41. Ra6 Rc1 42. Kd2 Kb7 43. Rxg6 Ra1 44. f4 Rf1 45. Ke3 Re1+ 46. Kf2
Rc1 47. h4 Rc2+ 48. Kg1 Rc1+ 49. Kh2 Rxc3 50. Rg4 Rc5 51. Rg5 Rc4 52. g3 c5 53.
h5 Rc2+ 54. Kh3 c4 55. h6 Rc1 56. Kg4 Rh1 57. Rc5 Rxh6 58. Rxc4 Rg6+ 59. Kf3
Rd6 60. f5 Rd3+ 61. Kf4 Kb6 62. f6 Kb5 63. Rc2 Rd1 64. Ke3 Rf1 65. Rf2 Re1+ 66.
Kd2 Re8 67. g4 Kc6 68. g5 Kd6 69. g6 Ke6 70. f7 Rf8 71. g7 Rxf7 72. g8=Q Ke5
73. Rxf7 Kd5 74. Qd8+ Ke6 75. Re7+ Kf6 76. Qf8+ Kg6 77. Rg7+ Kh6 78. Qh8# 1-0

[Event "DEM U10 2016"]
[Site "Willingen GER"]
[Date "2016.05.20"]
[Round "9"]
[White "Scharf, Christian"]
[Black "Wellßow, Keoki"]
[Result "0-1"]
[Termination "normal"]
[Board "27"]
[WhiteElo "999"]
[BlackElo "975"]
[PlyCount "114"]
[WhiteFideId "16266110"]
[BlackFideId "16251075"]
[EventCountry "GER"]
[EventRounds "11"]
[EventType "swiss"]
[EventDate "2016.05.14"]

1. e4 e5 2. Nf3 Nc6 3. Bc4 Nf6 4. d3 Bc5 5. Be3 d6 6. h3 Be6 7. Bxc5 dxc5 8.
Nc3 a6 9. a4 Qd6 10. a5 O-O 11. b3 Nd4 12. Nxd4 cxd4 13. Ne2 Bxc4 14. bxc4 b6
15. axb6 cxb6 16. Qd2 b5 17. cxb5 axb5 18. O-O Ra3 19. Rxa3 Qxa3 20. Qc1 Qc5
21. Qb2 b4 22. Rb1 Rb8 23. Nc1 Rc8 24. Qxb4 Qxc2 25. Qb3 Qd2 26. Qb2 Qxb2 27.
Rxb2 Rxc1+ 28. Kh2 h6 29. Rb8+ Kh7 30. Rb7 Kg6 31. Re7 Rd1 32. Rxe5 Rxd3 33.
Re7 Nh5 34. e5 Nf4 35. g3 Ne6 36. f4 Rd2+ 37. Kg1 Rc2 38. Kf1 Rc7 39. Rxc7 Nxc7
40. Ke2 Kf5 41. Kd3 g5 42. Kxd4 gxf4 43. gxf4 Kxf4 44. h4 h5 45. Kd3 Kxe5 46.
Ke3 f5 47. Kf3 f4 48. Kf2 Ke4 49. Kg2 f3+ 50. Kg3 Ke3 51. Kh2 f2 52. Kg2 Ke2
53. Kg3 f1=Q 54. Kh2 Qf4+ 55. Kh3 Qg4+ 56. Kh2 Kf2 57. Kh1 Qg2# 0-1

[Event "DEM U10 2016"]
[Site "Willingen GER"]
[Date "2016.05.20"]
[Round "9"]
[White "Lenz, Joshua"]
[Black "Müller, Maximilian"]
[Result "1-0"]
[Termination "normal"]
[Board "28"]
[WhiteElo "1086"]
[BlackElo "784"]
[PlyCount "65"]
[WhiteFideId "16256956"]
[BlackFideId "16243552"]
[EventCountry "GER"]
[EventRounds "11"]
[EventType "swiss"]
[EventDate "2016.05.14"]

1. e4 e5 2. Nf3 Nc6 3. Bc4 Bc5 4. d3 Nf6 5. Be3 Bb6 6. c3 d6 7. Nbd2 Be6 8. Bb3
Qe7 9. O-O O-O 10. Qc2 Rae8 11. d4 d5 12. dxe5 dxe4 13. Bxe6 Qxe6 14. exf6 exf3
15. fxg7 fxg2 16. gxf8=Q+ Rxf8 17. Kxg2 Qd5+ 18. Qe4 Qxe4+ 19. Nxe4 f5 20. Bxb6
axb6 21. Nd2 Kf7 22. Kh1 Ne5 23. h3 Rd8 24. Rad1 c5 25. Nc4 Rxd1 26. Nxe5+ Kf6
27. Rxd1 Kxe5 28. Kg2 f4 29. Rd7 Ke4 30. f3+ Ke3 31. Rxb7 Kd2 32. Rxb6 Kc2 33.
b4 1-0